[Event "Fourmies op 37th"]
[Site "Fourmies"]
[Date "2013.05.20"]
[Round "7"]
[White "Verriere, Nicolas"]
[Black "Szczerbinski, Dominik"]
[Result "1-0"]
[WhiteElo "1733"]
[BlackElo "1605"]
[PlyCount "37"]
[EventDate "2013.05.18"]
[EventType "swiss"]
[EventRounds "7"]
[EventCountry "FRA"]
[SourceTitle "CBM 154 Extra"]
[Source "ChessBase"]
[SourceDate "2013.06.25"]
[SourceVersion "2"]
[SourceVersionDate "2013.06.25"]
[SourceQuality "1"]

1. e4 c5 2. Nf3 d6 3. d4 cxd4 4. Nxd4 Nf6 5. Nc3 g6 6. Be3 Bg7 7. f3 0-0 8. Qd2 Nc6 9. Bc4 Bd7 10. 0-0-0 a6 11. g4 Ne5 12. Bb3 Bc6 13. Bh6 d5 14. Bxg7 Kxg7 15. exd5 Bd7 16. Qg5 Qc7 17. Rde1 Nc4 18. Rxe7 Qc5 19. Qxf6+ 1-0

[Event "Cappelle op 29th"]
[Site "Cappelle la Grande"]
[Date "2013.03.02"]
[Round "9"]
[White "Szczerbinski, Dominik"]
[Black "Omasta, Michel"]
[Result "1/2-1/2"]
[WhiteElo "1540"]
[BlackElo "1847"]
[PlyCount "55"]
[EventDate "2013.02.23"]
[EventType "swiss"]
[EventRounds "9"]
[EventCountry "FRA"]
[SourceTitle "CBM 153 Extra"]
[Source "ChessBase"]
[SourceDate "2013.04.22"]
[SourceVersion "1"]
[SourceVersionDate "2013.04.22"]
[SourceQuality "1"]

1. e4 e5 2. Nf3 Nc6 3. d4 exd4 4. Bc4 Be7 5. c3 d6 6. cxd4 Bg4 7. Qb3 Bxf3 8. Qxf3 Nf6 9. Be3 0-0 10. 0-0 Nb4 11. Bb3 d5 12. Nc3 dxe4 13. Nxe4 Nxe4 14. Qxe4 c6 15. Bf4 Bf6 16. Be5 Nd5 17. f4 Qd7 18. Bc2 g6 19. f5 Bxe5 20. dxe5 gxf5 21. Rxf5 Ne7 22. Rxf7 Rxf7 23. e6 Qd5 24. exf7+ Qxf7 25. Bb3 Nd5 26. Rf1 Qd7 27. Rf3 Kh8 28. Qe5+ 1/2-1/2